[Event "DVM U12 2020"]
[Site "Magdeburg GER"]
[Date "2021.08.08"]
[Round "7"]
[White "Detjen, Mattes"]
[Black "Schreiber, Benedikt"]
[Result "0-1"]
[Termination "normal"]
[Board "9.1"]
[WhiteElo "1162"]
[BlackElo "1248"]
[WhiteClock "00:57:29"]
[BlackClock "01:21:40"]
[WhiteTeam "SV Werder Bremen"]
[BlackTeam "Tischtennisclub Grün-Weiß Fritzdorf 1958 e. V."]
[PlyCount "74"]
[WhiteFideId "16235690"]
[BlackFideId "16258533"]
[EventCountry "GER"]
[EventRounds "7"]
[EventType "team-swiss"]
[EventDate "2021.08.04"]

1. e4 {[%clk 01:30:53]} c5 {[%clk 01:30:54]} {[%emt 00:00:47]} 2. c3 {[%clk
01:31:10]} Nc6 {[%clk 01:31:20]} 3. d4 {[%clk 01:31:06]} {[%emt 00:00:16]} cxd4
{[%clk 01:31:44]} {[%emt 00:44:47]} 4. cxd4 {[%clk 01:30:51]} g6 {[%clk
01:31:14]} 5. Nf3 {[%clk 01:30:28]} Bg7 {[%clk 01:31:29]} 6. Bc4 {[%clk
01:29:02]} {[%emt 00:00:03]} d6 {[%clk 01:31:15]} 7. O-O {[%clk 01:27:56]} Nf6
{[%clk 01:30:33]} 8. Nc3 {[%clk 01:26:10]} Bg4 {[%clk 01:29:42]} 9. Be2 {[%clk
01:23:09]} O-O {[%clk 01:29:33]} 10. a3 {[%clk 01:21:01]} a6 {[%clk 01:29:13]}
11. d5 {[%clk 01:20:41]} Bxf3 {[%clk 01:28:21]} 12. Bxf3 {[%clk 01:18:52]}
{[%emt 00:05:09]} Ne5 {[%clk 01:28:29]} 13. Be2 {[%clk 01:17:50]} Rc8 {[%clk
01:28:31]} 14. f4 {[%clk 01:14:21]} {[%emt 00:50:52]} Qb6+ {[%clk 01:26:38]}
15. Kh1 {[%clk 01:13:34]} Nc4 {[%clk 01:25:19]} 16. Rf3 {[%clk 01:09:11]} Ng4
{[%clk 01:24:51]} 17. Qf1 {[%clk 01:08:39]} Nxb2 {[%clk 01:24:22]} 18. Rb1
{[%clk 01:07:43]} Rxc3 {[%clk 01:23:37]} 19. Rxc3 Bxc3 {[%clk 01:23:33]} 20.
Bxg4 {[%clk 01:07:39]} Qd4 21. Qe2 Nd3 {[%clk 01:22:16]} 22. Be3 {[%clk
01:07:37]} Qxe4 {[%clk 01:22:09]} 23. Bf3 {[%clk 01:07:41]} {[%emt 00:02:02]}
Nf2+ {[%clk 01:22:10]} 24. Bxf2 {[%clk 01:04:26]} Qxb1+ {[%clk 01:22:22]} 25.
Qd1 {[%clk 01:04:48]} Qxd1+ {[%clk 01:22:43]} 26. Bxd1 {[%clk 01:05:14]} Rc8
{[%clk 01:22:38]} 27. g3 {[%clk 01:03:39]} Bb2 {[%clk 01:22:55]} 28. Be3 {[%clk
01:02:26]} Bxa3 {[%clk 01:23:08]} 29. Kg2 {[%clk 01:02:19]} Bc1 {[%clk
01:23:08]} 30. Bd4 {[%clk 01:01:38]} Rc4 {[%clk 01:22:23]} 31. Bf2 {[%clk
01:01:49]} b5 {[%clk 01:22:27]} 32. Be1 {[%clk 01:00:23]} Bxf4 {[%clk
01:22:08]} 33. gxf4 {[%clk 00:58:34]} Rc1 {[%clk 01:22:26]} 34. Bb3 {[%clk
00:56:46]} Rxe1 {[%clk 01:22:38]} 35. Kf2 {[%clk 00:57:09]} Re4 {[%clk
01:22:23]} 36. Kf3 {[%clk 00:57:11]} Rb4 {[%clk 01:21:35]} 37. Bc2 {[%clk
00:57:29]} Rb2 {[%clk 01:21:40]} 0-1

[Event "DVM U12 2020"]
[Site "Magdeburg GER"]
[Date "2021.08.08"]
[Round "7"]
[White "Mombauer, Felix"]
[Black "Völpel, Alexander"]
[Result "1-0"]
[Termination "normal"]
[Board "9.2"]
[WhiteElo "1177"]
[BlackElo "1008"]
[WhiteClock "01:36:22"]
[BlackClock "01:32:12"]
[WhiteTeam "Tischtennisclub Grün-Weiß Fritzdorf 1958 e. V."]
[BlackTeam "SV Werder Bremen"]
[PlyCount "131"]
[WhiteFideId "34608249"]
[BlackFideId "34603131"]
[EventCountry "GER"]
[EventRounds "7"]
[EventType "team-swiss"]
[EventDate "2021.08.04"]

1. e4 {[%clk 01:30:55]} e5 {[%clk 01:30:58]} 2. Nf3 {[%clk 01:31:15]} Nc6
{[%clk 01:31:24]} 3. Nc3 {[%clk 01:31:32]} Nf6 {[%clk 01:31:50]} {[%emt
00:00:11]} 4. d3 {[%clk 01:31:26]} {[%emt 00:00:34]} g6 {[%clk 01:31:57]}
{[%emt 00:00:37]} 5. Be2 {[%clk 01:31:36]} Bg7 {[%clk 01:32:13]} {[%emt
00:00:44]} 6. Be3 {[%clk 01:31:41]} d6 {[%clk 01:32:33]} {[%emt 00:00:25]} 7.
Qd2 {[%clk 01:31:54]} Be6 {[%clk 01:32:52]} {[%emt 00:00:17]} 8. O-O-O {[%clk
01:32:05]} {[%emt 00:00:38]} Qd7 {[%clk 01:32:00]} {[%emt 00:01:43]} 9. Rhg1
{[%clk 01:32:12]} O-O-O {[%clk 01:32:22]} 10. Bh6 {[%clk 01:31:49]} {[%emt
00:00:36]} Rhg8 {[%clk 01:27:53]} {[%emt 00:05:49]} 11. Bxg7 Rxg7 12. h3 {[%clk
01:31:49]} Nb4 {[%clk 01:27:33]} {[%emt 00:01:39]} 13. a3 {[%clk 01:31:55]}
Na2+ {[%clk 01:27:16]} 14. Nxa2 {[%clk 01:32:08]} {[%emt 00:06:01]} Bxa2 {[%clk
01:27:33]} 15. b3 {[%clk 01:32:32]} Bxb3 {[%clk 01:26:26]} 16. cxb3 {[%clk
01:32:51]} Qc6+ {[%clk 01:26:24]} 17. Kb2 {[%clk 01:33:02]} d5 {[%clk
01:26:30]} 18. Rc1 {[%clk 01:33:19]} Qd6 {[%clk 01:26:35]} {[%emt 00:00:09]}
19. Qb4 {[%clk 01:33:12]} Qxb4 {[%clk 01:26:02]} 20. axb4 {[%clk 01:33:31]}
dxe4 {[%clk 01:26:12]} {[%emt 00:00:32]} 21. dxe4 {[%clk 01:33:26]} {[%emt
00:00:51]} Nxe4 {[%clk 01:26:43]} {[%emt 00:01:34]} 22. Rgf1 {[%clk 01:34:03]}
f6 {[%clk 01:27:02]} 23. Rcd1 {[%clk 01:33:46]} Rxd1 {[%clk 01:27:11]} {[%emt
00:04:06]} 24. Bxd1 {[%clk 01:34:02]} Rd7 {[%clk 01:27:33]} 25. Bc2 {[%clk
01:33:59]} Nd2 {[%clk 01:24:57]} 26. Nxd2 {[%emt 00:00:19]} Rxd2 {[%emt
00:00:27]} 27. Kc3 {[%clk 01:34:03]} Rd4 {[%clk 01:25:15]} 28. Ra1 {[%clk
01:34:08]} {[%emt 00:00:18]} a6 {[%clk 01:25:29]} {[%emt 00:05:23]} 29. g3
{[%clk 01:34:12]} Kd7 {[%clk 01:25:49]} 30. f4 {[%clk 01:34:18]} h5 {[%clk
01:25:51]} 31. Bxg6 {[%clk 01:34:32]} Ke6 {[%clk 01:26:09]} 32. Bxh5 {[%clk
01:34:39]} Rd6 {[%clk 01:26:24]} 33. Bg4+ {[%clk 01:34:38]} f5 {[%clk
01:26:41]} 34. fxe5 {[%clk 01:34:36]} Rc6+ {[%clk 01:26:59]} 35. Kb2 fxg4 36.
h4 {[%clk 01:34:30]} Kxe5 {[%clk 01:26:50]} {[%emt 00:00:21]} 37. Rf1 {[%clk
01:34:38]} {[%emt 00:00:09]} Rf6 {[%clk 01:26:56]} {[%emt 00:00:51]} 38. Rxf6
{[%clk 01:34:45]} {[%emt 00:03:10]} Kxf6 {[%clk 01:27:12]} 39. Kc3 {[%clk
01:35:05]} Kf5 {[%clk 01:27:38]} 40. Kc4 {[%clk 01:35:11]} Ke4 {[%clk
01:27:16]} 41. b5 {[%clk 01:35:20]} a5 {[%clk 01:27:13]} 42. b6 {[%clk
01:35:27]} c6 {[%clk 01:27:17]} {[%emt 00:00:14]} 43. b4 {[%clk 01:35:08]}
{[%emt 00:01:18]} a4 {[%clk 01:27:19]} 44. Kc3 {[%clk 01:35:28]} {[%emt
00:00:38]} Kf3 {[%clk 01:27:15]} {[%emt 00:01:43]} 45. h5 {[%clk 01:35:48]}
Kxg3 {[%clk 01:27:40]} 46. h6 {[%clk 01:36:10]} Kf2 {[%clk 01:27:58]} 47. h7
{[%clk 01:36:33]} g3 48. h8=Q g2 49. Qd4+ {[%clk 01:36:25]} Kg3 {[%clk
01:28:50]} 50. Qg1 {[%clk 01:36:43]} {[%emt 00:00:12]} Kf3 {[%clk 01:29:09]}
{[%emt 00:00:04]} 51. Kb2 {[%clk 01:35:32]} {[%emt 00:01:51]} Kg3 {[%clk
01:29:25]} {[%emt 00:00:07]} 52. Ka3 {[%emt 00:00:05]} Kh3 {[%emt 00:00:09]}
53. Kxa4 {[%clk 01:35:32]} {[%emt 00:00:14]} Kg3 {[%clk 01:29:01]} {[%emt
00:04:25]} 54. b5 {[%clk 01:35:48]} c5 {[%clk 01:29:27]} 55. Kb3 {[%clk
01:35:59]} c4+ {[%clk 01:29:42]} 56. Kxc4 {[%clk 01:36:15]} Kf3 {[%clk
01:30:10]} 57. Kd5 {[%clk 01:36:01]} Kg3 {[%clk 01:30:32]} {[%emt 00:00:21]}
58. Kd6 Kh3 59. Kc7 {[%clk 01:35:45]} {[%emt 00:00:18]} Kg3 {[%clk 01:31:00]}
{[%emt 00:00:29]} 60. Kxb7 Kf3 61. Kc6 {[%clk 01:35:31]} {[%emt 00:00:16]} Kg3
{[%clk 01:31:27]} {[%emt 00:00:34]} 62. Kc5 {[%clk 01:35:51]} Kf3 {[%clk
01:31:54]} 63. Kd4 {[%clk 01:36:13]} Kg3 {[%clk 01:31:46]} {[%emt 00:00:31]}
64. Ke4 {[%clk 01:36:22]} {[%emt 00:00:43]} Kh3 {[%clk 01:32:07]} 65. Kf4
{[%clk 01:36:41]} Kh4 {[%clk 01:32:12]} {[%emt 00:00:33]} 66. Qh2 {[%clk
01:36:22]} {[%emt 00:00:14]} 1-0

[Event "DVM U12 2020"]
[Site "Magdeburg GER"]
[Date "2021.08.08"]
[Round "7"]
[White "Marrufo, Emilia"]
[Black "Mende, Lukas"]
[Result "0-1"]
[Termination "normal"]
[Board "9.3"]
[WhiteElo "898"]
[BlackElo "1044"]
[WhiteClock "00:47:40"]
[BlackClock "01:32:27"]
[WhiteTeam "SV Werder Bremen"]
[BlackTeam "Tischtennisclub Grün-Weiß Fritzdorf 1958 e. V."]
[PlyCount "104"]
[WhiteFideId "16287363"]
[BlackFideId "34608257"]
[EventCountry "GER"]
[EventRounds "7"]
[EventType "team-swiss"]
[EventDate "2021.08.04"]

1. d4 {[%clk 01:28:55]} d5 2. Bf4 {[%emt 00:23:16]} Nf6 3. e3 e6 {[%clk
01:31:01]} 4. Nf3 {[%clk 01:27:55]} c5 {[%clk 01:31:08]} {[%emt 00:00:09]} 5.
c3 {[%clk 01:26:54]} c4 {[%clk 01:31:03]} 6. Be2 {[%clk 01:25:50]} Nc6 {[%clk
01:31:21]} 7. O-O Bd6 {[%clk 01:31:21]} 8. Bxd6 {[%clk 01:23:43]} {[%emt
00:22:19]} Qxd6 {[%clk 01:31:38]} {[%emt 00:00:05]} 9. Nbd2 {[%clk 01:22:48]}
O-O {[%clk 01:31:22]} 10. Re1 {[%clk 01:21:48]} {[%emt 00:00:04]} e5 {[%clk
01:31:21]} 11. dxe5 {[%clk 01:20:48]} Nxe5 {[%clk 01:31:37]} 12. Nxe5 {[%clk
01:20:18]} {[%emt 00:00:05]} Qxe5 {[%clk 01:31:50]} 13. Nf3 {[%clk 01:18:44]}
Qe4 {[%clk 01:30:07]} 14. Nd4 {[%clk 01:16:00]} {[%emt 00:00:04]} Qg6 {[%clk
01:29:41]} 15. Bf3 {[%clk 01:14:33]} Bh3 {[%clk 01:29:42]} 16. g3 {[%clk
01:13:02]} {[%emt 00:00:24]} Rad8 {[%clk 01:28:13]} 17. Nc2 {[%clk 01:11:35]}
Bg4 {[%clk 01:26:59]} 18. Nb4 {[%clk 01:10:31]} {[%emt 00:00:05]} Bxf3 {[%clk
01:26:44]} 19. Qxf3 {[%clk 01:09:56]} a5 {[%clk 01:25:30]} {[%emt 00:00:05]}
20. Nc2 {[%clk 01:07:34]} Qxc2 {[%clk 01:25:30]} 21. Re2 {[%clk 01:05:56]} Qe4
{[%clk 01:25:43]} {[%emt 00:00:11]} 22. Qxe4 {[%clk 01:05:14]} {[%emt
00:01:21]} Nxe4 {[%clk 01:23:46]} {[%emt 00:28:12]} 23. Rd1 {[%clk 01:05:08]}
b5 {[%clk 01:23:41]} 24. Rd4 {[%clk 00:58:48]} {[%emt 00:00:06]} Nf6 {[%clk
01:23:56]} 25. e4 {[%clk 00:58:10]} Nxe4 {[%clk 01:24:10]} {[%emt 00:00:05]}
26. f3 {[%clk 00:56:42]} Nf6 {[%clk 01:24:17]} 27. Re7 {[%clk 00:54:55]} b4
{[%clk 01:24:36]} {[%emt 00:13:22]} 28. Ra7 {[%clk 00:54:07]} bxc3 {[%clk
01:24:51]} 29. bxc3 {[%clk 00:54:19]} Ra8 {[%clk 01:25:12]} {[%emt 00:04:49]}
30. Rc7 {[%clk 00:53:25]} Rfe8 {[%clk 01:24:59]} 31. Rd1 {[%clk 00:53:19]}
{[%emt 00:00:05]} Re3 {[%clk 01:25:08]} 32. f4 {[%clk 00:53:15]} Rxc3 {[%clk
01:25:30]} 33. Re1 {[%clk 00:51:20]} {[%emt 00:00:10]} h6 {[%clk 01:25:51]} 34.
a4 {[%clk 00:50:42]} Ra3 {[%clk 01:25:43]} 35. Kg2 {[%clk 00:48:00]} {[%emt
00:00:04]} Rxa4 {[%clk 01:25:58]} 36. Kh3 {[%clk 00:48:08]} Ra2 {[%clk
01:26:11]} 37. Rg1 {[%clk 00:47:53]} a4 {[%clk 01:26:27]} {[%emt 00:00:04]} 38.
Rb7 {[%clk 00:47:48]} c3 {[%clk 01:26:48]} 39. Rc1 {[%clk 00:47:17]} d4 {[%clk
01:27:08]} {[%emt 00:00:04]} 40. Rb4 {[%clk 00:46:57]} Rd8 {[%clk 01:27:23]}
41. Rc4 {[%clk 00:46:12]} {[%emt 00:00:10]} c2 {[%clk 01:29:12]} 42. R1xc2
{[%clk 00:46:10]} Rxc2 {[%clk 01:29:25]} 43. Rxc2 {[%clk 00:46:32]} {[%emt
00:00:05]} d3 {[%clk 01:29:37]} 44. Rd2 {[%clk 00:46:42]} Ne4 {[%clk 01:30:02]}
45. Rd1 {[%clk 00:46:25]} Nf2+ {[%clk 01:30:24]} 46. Kh4 {[%clk 00:46:40]} Nxd1
{[%clk 01:30:47]} 47. Kh3 {[%clk 00:46:40]} Nf2+ {[%clk 01:31:13]} 48. Kg2
{[%clk 00:46:57]} d2 {[%clk 01:31:36]} 49. Kxf2 {[%clk 00:47:11]} d1=Q {[%clk
01:31:53]} 50. Kg2 {[%clk 00:47:18]} Qg4 {[%clk 01:32:16]} 51. Kf2 {[%clk
00:47:30]} Rd2+ {[%clk 01:32:35]} 52. Ke3 {[%clk 00:47:40]} Qe2# {[%clk
01:32:27]} 0-1

[Event "DVM U12 2020"]
[Site "Magdeburg GER"]
[Date "2021.08.08"]
[Round "7"]
[White "Mende, Alexander"]
[Black "Plath, Erik"]
[Result "1-0"]
[Termination "normal"]
[Board "9.4"]
[WhiteElo "866"]
[BlackElo "864"]
[WhiteClock "01:30:46"]
[BlackClock "01:21:42"]
[WhiteTeam "Tischtennisclub Grün-Weiß Fritzdorf 1958 e. V."]
[BlackTeam "SV Werder Bremen"]
[PlyCount "79"]
[WhiteFideId "34608265"]
[BlackFideId "34608206"]
[EventCountry "GER"]
[EventRounds "7"]
[EventType "team-swiss"]
[EventDate "2021.08.04"]

1. e4 {[%clk 01:30:58]} {[%emt 00:00:20]} e5 {[%clk 01:30:55]} {[%emt
00:00:03]} 2. Nf3 {[%clk 01:31:25]} Nf6 {[%clk 01:31:19]} 3. Nc3 {[%clk
01:31:49]} Nc6 {[%clk 01:31:42]} {[%emt 00:01:25]} 4. Bc4 {[%clk 01:32:11]}
Nxe4 {[%clk 01:31:33]} 5. Nxe4 {[%clk 01:32:31]} d5 {[%clk 01:31:54]} {[%emt
00:00:03]} 6. Bxd5 {[%clk 01:32:19]} {[%emt 00:10:13]} Qxd5 {[%clk 01:32:05]}
7. Nc3 {[%clk 01:32:36]} Qd8 {[%clk 01:32:11]} 8. d3 {[%clk 01:32:55]} Bg4
{[%clk 01:32:11]} {[%emt 00:10:21]} 9. h3 {[%clk 01:33:13]} Bh5 {[%clk
01:32:31]} 10. O-O {[%clk 01:33:23]} Bd6 {[%clk 01:32:40]} 11. Qe2 {[%clk
01:33:05]} f6 {[%clk 01:32:44]} {[%emt 00:14:44]} 12. Qe4 {[%clk 01:32:47]}
Bxf3 {[%clk 01:32:52]} 13. Qxf3 {[%clk 01:33:07]} Nd4 {[%clk 01:33:03]} 14.
Qxb7 {[%clk 01:32:47]} Nxc2 {[%clk 01:32:49]} 15. Qc6+ {[%clk 01:32:46]} Kf8
{[%clk 01:32:33]} 16. Rb1 {[%clk 01:32:38]} Nd4 {[%clk 01:32:29]} 17. Qe4
{[%clk 01:32:47]} {[%emt 00:00:06]} f5 {[%clk 01:31:56]} 18. Qd5 {[%clk
01:32:35]} c6 {[%clk 01:31:43]} 19. Qc4 {[%clk 01:32:21]} Rb8 {[%clk 01:31:36]}
20. a3 {[%clk 01:32:16]} c5 {[%clk 01:29:03]} 21. Be3 {[%clk 01:32:05]} Rc8
{[%clk 01:28:43]} 22. Qd5 {[%clk 01:31:02]} {[%emt 00:00:03]} Rc7 {[%clk
01:26:01]} 23. Bxd4 {[%clk 01:30:59]} cxd4 {[%clk 01:25:53]} 24. Nb5 {[%clk
01:30:59]} Re7 {[%clk 01:23:19]} 25. Qxd6 {[%clk 01:31:02]} Qxd6 {[%clk
01:22:34]} 26. Nxd6 {[%clk 01:31:15]} g6 27. Rbc1 Re6 {[%clk 01:21:41]} 28.
Rc8+ {[%clk 01:29:55]} Kg7 {[%clk 01:22:02]} 29. Rxh8 {[%clk 01:30:13]} Kxh8
{[%clk 01:21:55]} 30. Nc4 {[%clk 01:30:33]} Re8 {[%clk 01:21:42]} {[%emt
00:08:57]} 31. f3 {[%clk 01:30:51]} e4 32. fxe4 {[%clk 01:30:46]} fxe4 33. Nd6
{[%clk 01:30:46]} Rb8 34. Nxe4 {[%clk 01:30:46]} Rxb2 35. Rf7 {[%clk 01:30:46]}
Rb1+ 36. Kh2 {[%clk 01:30:46]} Rb3 37. Rxa7 {[%clk 01:30:46]} Rxd3 38. Rd7
{[%clk 01:30:46]} Rxa3 39. Rxd4 {[%clk 01:30:46]} Ra5 40. Nd6 {[%clk 01:30:46]}
1-0